[Event "46th Rilton Cup 2016-17"]
[Site "Stockholm SWE"]
[Date "2017.01.02"]
[Round "6.44"]
[White "Grueso Cordoba, Santiago"]
[Black "Betaneli, Alexander"]
[Result "0-1"]
[BlackTitle "FM"]
[WhiteElo "2171"]
[BlackElo "2252"]
[WhiteFideId "1723529"]
[BlackFideId "2012359"]
[EventDate "2016.12.27"]

1. d4 d5 2. c4 e6 3. Nc3 Be7 4. Nf3 Nf6 5. Bg5 h6 6. Bh4 O-O 7. e3 Nbd7 8. cxd5
Nxd5 9. Bxe7 Qxe7 10. Nxd5 exd5 11. Bd3 c5 12. O-O c4 13. Be2 b5 14. b3 Bb7 15.
a4 a6 16. Qb1 Bc6 17. Rc1 Rfb8 18. Qa2 Qd6 19. Nd2 Nb6 20. a5 Nd7 21. Bf3 Re8
22. Qc2 Rac8 23. Rab1 g6 24. b4 Nf6 25. Re1 Bd7 26. Qc3 Bf5 27. Rbd1 Re7 28. Nf1
Rce8 29. Ng3 Bg4 30. Bxg4 Nxg4 31. Re2 h5 32. Nf1 Nf6 33. f3 Nd7 34. Rde1 Nb8
35. Nd2 Nc6 36. Rb1 Qf6 37. f4 Nxd4 38. Kf1 0-1

[Event "46th Rilton Cup 2016-17"]
[Site "Stockholm SWE"]
[Date "2017.01.02"]
[Round "6.45"]
[White "Prithu, Gupta"]
[Black "Emmoth, Alfons"]
[Result "0-1"]
[WhiteElo "2219"]
[BlackElo "2041"]
[WhiteFideId "46618546"]
[BlackFideId "1718266"]
[EventDate "2016.12.27"]

1. e4 e6 2. d4 d5 3. Nc3 dxe4 4. Nxe4 Bd7 5. Nf3 Bc6 6. Bd3 Nd7 7. Qe2 Ngf6 8.
Nxf6+ Nxf6 9. Bf4 Bxf3 10. Qxf3 c6 11. c3 Bd6 12. O-O Bxf4 13. Qxf4 O-O 14. Qg3
Qa5 15. Rfe1 Rfd8 16. f4 Qc7 17. Re5 Nd7 18. Rg5 g6 19. Re1 Nf8 20. Qh4 Rd5 21.
Bc4 Rxg5 22. Qxg5 Qd8 23. Qg3 Qb6 24. b4 a5 25. a3 Nd7 26. f5 Nf8 27. fxe6 Nxe6
28. Bxe6 fxe6 29. Qd6 Re8 30. Qd7 Rf8 31. Qxe6+ Kh8 32. Qe7 Kg8 33. Qe6+ Kh8 34.
Qe5+ Kg8 35. Qxa5 Qxa5 36. bxa5 Rf5 37. Re5 Rxe5 38. dxe5 Kf7 39. Kf2 Ke6 40.
Ke3 Kxe5 41. g4 h6 42. h3 Kd5 43. Kd3 h5 44. c4+ Ke5 45. Ke3 h4 46. g5 c5 47. a4
Kf5 48. Kf3 Kxg5 49. Ke4 Kf6 50. Kd5 g5 51. Ke4 Ke6 52. Kf3 Kf5 0-1

[Event "46th Rilton Cup 2016-17"]
[Site "Stockholm SWE"]
[Date "2017.01.02"]
[Round "6.46"]
[White "Pranav, Anand"]
[Black "Sorensen, Hampus"]
[Result "1-0"]
[WhiteElo "2230"]
[BlackElo "2040"]
[WhiteFideId "46626786"]
[BlackFideId "8703884"]
[EventDate "2016.12.27"]

1. e4 e5 2. Nf3 Nc6 3. Bb5 a6 4. Ba4 Nf6 5. O-O Be7 6. Re1 b5 7. Bb3 O-O 8. h3
Bb7 9. d3 d5 10. exd5 Nxd5 11. Nxe5 Nxe5 12. Rxe5 Qd6 13. Re1 Rae8 14. Nd2 Qg6
15. Ne4 Nf6 16. Ng5 Nd5 17. Nf3 Bd6 18. Rxe8 Rxe8 19. Bxd5 Bxd5 20. Be3 Qf6 21.
c3 Qg6 22. Nh4 Qf6 23. Qg4 Qe5 24. g3 Be6 25. Qf3 Bxh3 26. Re1 Bd7 27. Bd2 Qxe1+
28. Bxe1 Rxe1+ 29. Kh2 Re8 30. Nf5 Bxf5 31. Qxf5 g6 32. Qf3 Kg7 33. Kg2 Rb8 34.
Qc6 Rb6 35. Qd5 Kf6 36. Kf3 h5 37. Qd4+ Be5 38. Qd8+ Kg7 39. d4 Bd6 40. Ke4 Kh7
41. f4 a5 42. Qa8 a4 43. Qd5 Kg7 44. a3 Rb8 45. Qc6 Kf8 46. Kf3 Ke7 47. Qe4+ Kf6
48. Qd5 Ke7 49. Qg5+ Kf8 50. f5 Kg7 51. g4 hxg4+ 52. Kxg4 Bf8 53. fxg6 Bd6 54.
Kf5 fxg6+ 55. Qxg6+ Kh8 56. Qh6+ Kg8 57. Kg6 Be5 58. Qh7+ Kf8 59. Qf7# 1-0

[Event "46th Rilton Cup 2016-17"]
[Site "Stockholm SWE"]
[Date "2017.01.02"]
[Round "6.47"]
[White "Henderson de La Fuente, Andrea"]
[Black "Santarius, Erik F"]
[Result "0-1"]
[WhiteElo "2019"]
[BlackElo "2312"]
[WhiteFideId "32096577"]
[BlackFideId "2025817"]
[EventDate "2016.12.27"]

1. e4 e5 2. Nf3 Nc6 3. Bb5 a6 4. Ba4 Nf6 5. d3 b5 6. Bb3 Be7 7. O-O d6 8. c3 O-O
9. Re1 Na5 10. Bc2 c5 11. Nbd2 Re8 12. Nf1 h6 13. Ng3 Nc6 14. h3 Be6 15. d4 cxd4
16. cxd4 exd4 17. Nxd4 Nxd4 18. Qxd4 Qc7 19. Bb3 Bxb3 20. axb3 d5 21. e5 Bc5 22.
Qh4 Rxe5 23. Bxh6 gxh6 24. Qxf6 Rxe1+ 25. Rxe1 Qxg3 26. b4 Qd6 27. Qf5 Bd4 28.
Rd1 Re8 29. g3 Bg7 30. Rxd5 Qxb4 31. Rd7 Qe1+ 32. Kh2 Qe6 33. Qd3 Qf6 34. Kg2
Qxb2 35. Qd5 Qf6 36. Rd6 Qe5 37. Qd2 Qe4+ 38. Kh2 Qe2 39. Qf4 Be5 0-1

[Event "46th Rilton Cup 2016-17"]
[Site "Stockholm SWE"]
[Date "2017.01.02"]
[Round "6.48"]
[White "Vrtiakova, Anna"]
[Black "Storme, Isak"]
[Result "0-1"]
[WhiteTitle "WFM"]
[WhiteElo "2010"]
[BlackElo "2152"]
[WhiteFideId "14927870"]
[BlackFideId "1728113"]
[EventDate "2016.12.27"]

1. e4 e6 2. d4 d5 3. Nc3 Nf6 4. e5 Nfd7 5. f4 c5 6. Nf3 Nc6 7. Ne2 cxd4 8. Nexd4
Bc5 9. c3 Qb6 10. g3 Nxd4 11. cxd4 Bb4+ 12. Bd2 Bxd2+ 13. Qxd2 Nb8 14. Bh3 Nc6
15. O-O O-O 16. Kh1 Bd7 17. Rad1 Qa5 18. Nh4 Qxd2 19. Rxd2 Rac8 20. f5 Nb4 21.
fxe6 fxe6 22. a3 Nc2 23. Rxf8+ Kxf8 24. Kg1 Ne3 25. Kf2 Nc4 26. Rc2 Ke7 27. Nf3
h6 28. Bf1 Rc6 29. Nd2 Nxe5 30. Rxc6 Nxc6 31. Ke3 Kd6 32. Nb3 e5 33. Bg2 b6 34.
Kd3 Bf5+ 35. Kc3 a5 36. dxe5+ Kxe5 37. Kd2 Be4 38. Bf1 Nd4 39. Nxd4 Kxd4 40. Ba6
Bf5 41. Bf1 Bb1 42. Be2 Ke4 43. Bh5 Kd4 44. Be2 Ba2 45. Bf1 Bc4 46. Bg2 g5 47.
Bf3 Ba2 48. Be2 Bb1 49. Bb5 Ke4 50. Be2 Ba2 51. Bg4 Bc4 52. Bh5 Bb5 53. Bg4 Be8
54. Be2 h5 55. Bd1 g4 56. Be2 Bd7 57. Bd1 Bc8 58. Be2 Bd7 59. Bd1 Be8 60. Ke2
Bb5+ 61. Kd2 d4 62. Bc2+ d3 63. Bb3 Be8 64. Be6 Bg6 65. b4 Kf3 66. h3 Kxg3 67.
hxg4 hxg4 68. bxa5 bxa5 69. Ke3 Kh4 70. Bd5 Bf5 71. Bg2 Kg3 72. Bh1 Kh2 73. Bd5
g3 0-1

[Event "46th Rilton Cup 2016-17"]
[Site "Stockholm SWE"]
[Date "2017.01.02"]
[Round "6.49"]
[White "Crevatin, Leo"]
[Black "Ryzhkov, Vjacheslav"]
[Result "1/2-1/2"]
[WhiteElo "1973"]
[BlackElo "2148"]
[WhiteFideId "1726307"]
[BlackFideId "4198484"]
[EventDate "2016.12.27"]

1. d4 e6 2. Nf3 d5 3. Bf4 Nf6 4. e3 c5 5. c3 Nc6 6. Nbd2 Bd6 7. Bg3 O-O 8. Bd3
Qe7 9. Ne5 Nd7 10. f4 f6 11. Bxh7+ Kxh7 12. Qh5+ Kg8 13. Ng6 Qe8 14. Qh8+ Kf7
15. Nxf8 Qxf8 16. Qh5+ Kg8 17. Nf3 Qf7 18. Qxf7+ Kxf7 19. O-O b5 20. Ne5+ Bxe5
21. fxe5 f5 22. Bh4 b4 23. g4 Ba6 24. Rf2 g6 25. gxf5 gxf5 26. Rg2 bxc3 27. bxc3
Rb8 28. Kf2 Rb2+ 29. Kf3 Rxg2 30. Kxg2 Bd3 31. Kf2 Nb6 32. Bf6 Na4 33. Rc1 Kg6
34. h4 Kh5 35. Kf3 Na5 36. dxc5 Nxc5 37. Rg1 Be4+ 38. Ke2 Na4 39. Rg8 Nxc3+ 40.
Kf2 Nc4 41. Rh8+ Kg4 42. Rg8+ Kh3 43. h5 Nd1+ 44. Ke1 Ndxe3 45. h6 f4 46. h7
Bxh7 47. Rh8 Kg2 48. Rxh7 Nc2+ 49. Kd1 N2e3+ 50. Ke1 Nc2+ 51. Kd1 1/2-1/2

[Event "46th Rilton Cup 2016-17"]
[Site "Stockholm SWE"]
[Date "2017.01.02"]
[Round "6.50"]
[White "Cramling Bellon, Anna"]
[Black "Svorono, Gabriel"]
[Result "1/2-1/2"]
[WhiteElo "1970"]
[BlackElo "2094"]
[WhiteFideId "32009232"]
[BlackFideId "1715623"]
[EventDate "2016.12.27"]

1. d4 e6 2. c4 f5 3. Nc3 Nf6 4. Bf4 b6 5. Nf3 Bb7 6. e3 Bb4 7. Nd2 Bxc3 8. bxc3
O-O 9. f3 d6 10. Bd3 Qe7 11. Bg5 h6 12. Bh4 g6 13. O-O e5 14. e4 g5 15. Bf2 f4
16. g3 c5 17. d5 Nbd7 18. Kg2 h5 19. h3 Qg7 20. g4 hxg4 21. hxg4 Kf7 22. Rh1 Rh8
23. Qa4 a5 24. Rag1 Ke7 25. Qd1 Rxh1 26. Rxh1 Rh8 27. Rxh8 Qxh8 28. Qh1 Qg7 29.
Nb1 Bc8 30. Na3 Ba6 31. Nb5 Bxb5 32. cxb5 Qh7 33. Qxh7+ Nxh7 34. c4 Nhf8 35. Kh3
Kf6 36. a4 Ng6 37. Kg2 1/2-1/2

[Event "46th Rilton Cup 2016-17"]
[Site "Stockholm SWE"]
[Date "2017.01.03"]
[Round "7.2"]
[White "Blomqvist, Erik"]
[Black "Sasikiran, Krishnan"]
[Result "0-1"]
[WhiteTitle "GM"]
[BlackTitle "GM"]
[WhiteElo "2567"]
[BlackElo "2661"]
[WhiteFideId "1709437"]
[BlackFideId "5004985"]
[EventDate "2016.12.27"]

1. e4 e5 2. Nf3 Nc6 3. Bb5 a6 4. Ba4 Nf6 5. O-O Be7 6. Re1 b5 7. Bb3 d6 8. a4
Rb8 9. axb5 axb5 10. c3 b4 11. d4 bxc3 12. bxc3 exd4 13. cxd4 O-O 14. Nc3 Bg4
15. Be3 Nb4 16. h3 Bh5 17. Ra7 Kh8 18. g4 Nxg4 19. hxg4 Bxg4 20. Bc4 f5 21. exf5
Bxf5 22. Nh2 d5 23. Bf1 Bd6 24. Bg2 Nc2 25. Rf1 Nxe3 26. fxe3 Qg5 27. Qd2 Be4
28. Rxf8+ Rxf8 29. Nxe4 dxe4 30. Ra5 Qh4 31. Nf1 g6 32. Qa2 Kg7 33. Ra8 Rf5 34.
Ra5 Rf7 35. Qc2 Bb4 36. Ra1 Be1 37. Rxe1 Qxe1 38. Qxe4 Qf2+ 39. Kh2 Qf6 40. Ng3
Qg5 41. d5 h5 42. Ne2 Re7 43. Qf4 Qxf4+ 44. Nxf4 Rxe3 45. Ne6+ Kf6 46. Nxc7 Ke5
47. Ne6 Rd3 48. Ng5 Kf6 49. Ne4+ Kf5 50. d6 Kf4 51. Kg1 h4 52. Kh2 g5 53. Nf2
Rxd6 54. Ne4 Rd4 55. Nc3 Rd2 56. Nd5+ Ke5 57. Ne3 Re2 58. Ng4+ Kf4 59. Kh3 Rxg2 0-1

[Event "46th Rilton Cup 2016-17"]
[Site "Stockholm SWE"]
[Date "2017.01.03"]
[Round "7.3"]
[White "Sokolov, Ivan"]
[Black "Swapnil, S. Dhopade"]
[Result "0-1"]
[WhiteTitle "GM"]
[BlackTitle "GM"]
[WhiteElo "2632"]
[BlackElo "2526"]
[WhiteFideId "14400030"]
[BlackFideId "5019184"]
[EventDate "2016.12.27"]

1. d4 Nf6 2. c4 c5 3. d5 b5 4. Qc2 bxc4 5. e4 e6 6. Bxc4 exd5 7. exd5 Be7 8. Nf3
O-O 9. O-O d6 10. h3 Nbd7 11. Nc3 Nb6 12. b3 Rb8 13. Bf4 Nxc4 14. bxc4 Rb4 15.
Nd2 Ba6 16. a3 Rb6 17. Rfe1 Re8 18. Qa4 Bf8 19. Nde4 Nxe4 20. Nxe4 Re7 21. Re3
Qd7 22. Qc2 Qf5 23. Bg3 Bc8 24. Rae1 Reb7 25. Qc3 Bd7 26. Bh4 h6 27. Rf3 Qh5 28.
Bf6 Rb1 29. Rg3 Qe2 30. Rxb1 Rxb1+ 31. Kh2 Qd1 32. Rxg7+ Bxg7 33. Bxg7 Qh1+ 34.
Kg3 Bxh3 35. Bxh6 Qxg2+ 36. Kf4 f5 37. Nf6+ Kf7 38. Qe3 Qh2+ 39. Kf3 Qg2+ 40.
Ke2 Rb2+ 0-1

[Event "46th Rilton Cup 2016-17"]
[Site "Stockholm SWE"]
[Date "2017.01.03"]
[Round "7.4"]
[White "Antipov, Mikhail Al."]
[Black "Kulaots, Kaido"]
[Result "0-1"]
[WhiteTitle "GM"]
[BlackTitle "GM"]
[WhiteElo "2580"]
[BlackElo "2556"]
[WhiteFideId "4107012"]
[BlackFideId "4500261"]
[EventDate "2016.12.27"]

1. e4 c5 2. Nf3 d6 3. d4 cxd4 4. Nxd4 Nf6 5. Nc3 a6 6. h3 e6 7. g4 h6 8. Bg2 Be7
9. f4 Nc6 10. Be3 Nd7 11. O-O O-O 12. Nce2 Nxd4 13. Nxd4 e5 14. Nf5 exf4 15.
Bxf4 Ne5 16. Qd4 Bxf5 17. exf5 Bf6 18. Qf2 Qc7 19. Rad1 Rac8 20. c3 b5 21. Bd5
Rfe8 22. Kh1 Nc4 23. Rfe1 a5 24. a3 Rxe1+ 25. Rxe1 Be5 26. Bc1 Qd8 27. Kg2 Nb6
28. Bf3 Nc4 29. Rd1 Rb8 30. Bd5 Nb6 31. Bc6 Nd7 32. Qe2 Nc5 33. Bd5 Qf6 34. Qf2
b4 35. axb4 axb4 36. h4 bxc3 37. bxc3 Qe7 38. g5 Na4 39. Bd2 Nxc3 40. Bxc3 Bxc3
41. Qf3 hxg5 0-1

[Event "46th Rilton Cup 2016-17"]
[Site "Stockholm SWE"]
[Date "2017.01.03"]
[Round "7.5"]
[White "Bluebaum, Matthias"]
[Black "Esserman, Marc"]
[Result "1-0"]
[WhiteTitle "GM"]
[BlackTitle "IM"]
[WhiteElo "2640"]
[BlackElo "2468"]
[WhiteFideId "24651516"]
[BlackFideId "2018616"]
[EventDate "2016.12.27"]

1. d4 d5 2. c4 c6 3. Nf3 Nf6 4. e3 e6 5. Bd3 Nbd7 6. O-O Bd6 7. Nc3 dxc4 8. Bxc4
b5 9. Bb3 O-O 10. e4 e5 11. d5 cxd5 12. Bxd5 Nxd5 13. Qxd5 Nb6 14. Qxb5 Be6 15.
b3 Qc8 16. Bd2 Rd8 17. Rac1 Qb7 18. Be3 Bd7 19. Qa5 Bc7 20. Nb5 Bb8 21. Rfd1 Re8
22. Bxb6 axb6 23. Rxd7 Rxa5 24. Rxb7 Rxb5 25. Rc6 f5 26. Ng5 fxe4 27. Nxe4 Rd5
28. g3 Ra5 29. a4 1-0

[Event "46th Rilton Cup 2016-17"]
[Site "Stockholm SWE"]
[Date "2017.01.03"]
[Round "7.6"]
[White "Goganov, Aleksey"]
[Black "Liang, Awonder"]
[Result "1-0"]
[WhiteTitle "GM"]
[BlackTitle "IM"]
[WhiteElo "2637"]
[BlackElo "2495"]
[WhiteFideId "24109959"]
[BlackFideId "2056437"]
[EventDate "2016.12.27"]

1. d4 Nf6 2. c4 g6 3. g3 c6 4. Bg2 d5 5. Nf3 Bg7 6. O-O O-O 7. Qb3 Qb6 8. Nc3
Rd8 9. Rd1 Bf5 10. Ne1 Na6 11. Qxb6 axb6 12. Na4 Nb4 13. Nxb6 Ra6 14. c5 Nxa2
15. Bf4 Ne4 16. Bc7 Re8 17. g4 Bc8 18. e3 Nb4 19. f3 Nd2 20. Rxa6 Nxa6 21. Bg3
Nb3 22. Nd3 f6 23. Nxc8 Rxc8 24. f4 f5 25. gxf5 gxf5 26. Bh4 e6 27. Bf3 Nb8 28.
Ne5 Bxe5 29. fxe5 Nd7 30. Kf2 Nf8 31. Bf6 Ng6 32. h4 Kf7 33. Ke2 Ra8 34. Kd3 Ra4
35. h5 Ne7 36. Rg1 Ng8 37. Rg7+ Kf8 38. h6 Nc1+ 39. Kd2 Nb3+ 40. Kc3 Na5 41. Bh5
Rc4+ 42. Kd3 1-0

[Event "46th Rilton Cup 2016-17"]
[Site "Stockholm SWE"]
[Date "2017.01.03"]
[Round "7.7"]
[White "Neiksans, Arturs"]
[Black "Kazakovskiy, Valeriy"]
[Result "1/2-1/2"]
[WhiteTitle "GM"]
[BlackTitle "IM"]
[WhiteElo "2631"]
[BlackElo "2430"]
[WhiteFideId "11601388"]
[BlackFideId "13507443"]
[EventDate "2016.12.27"]

1. d4 Nf6 2. c4 e6 3. Nf3 Bb4+ 4. Nbd2 d6 5. a3 Bxd2+ 6. Qxd2 Nbd7 7. e3 e5 8.
dxe5 dxe5 9. b4 Qe7 10. Bb2 b6 11. Qc3 Ne4 12. Qc2 Bb7 13. Bd3 f5 14. O-O O-O
15. Nd2 Nxd2 16. Qxd2 c5 17. f4 Rad8 18. Qc3 exf4 19. exf4 Qe3+ 20. Rf2 Ne5 21.
Bxf5 Qxc3 22. Bxc3 Nd3 23. Bxd3 Rxd3 24. Be5 Rfd8 25. Re2 g6 26. Bf6 Rd1+ 27.
Kf2 Rxa1 28. Bxd8 Bc8 29. bxc5 bxc5 30. Re8+ Kf7 31. Re7+ Kg8 32. Rxa7 Be6 33.
Be7 Ra2+ 34. Kg3 Bxc4 35. Bxc5 Bd5 36. Bf2 h5 37. h4 Rc2 38. Ra6 Kf7 39. Ra7+
Ke6 40. Ra6+ Kf5 41. Ra5 Ke6 42. Rc5 Ra2 43. Rc3 Be4 44. Rb3 Bd5 45. Re3+ Kf7
46. Re5 Rxa3+ 47. Kh2 Be6 48. Rb5 Ra2 49. Bd4 Bf5 50. Kg3 Rd2 51. Be3 Re2 52.
Re5 Bd7 53. Kf3 Bg4+ 54. Kg3 Bd7 55. Bc5 Rxe5 56. fxe5 Bf5 57. Kf4 Ke6 58. Bd6 1/2-1/2

[Event "46th Rilton Cup 2016-17"]
[Site "Stockholm SWE"]
[Date "2017.01.03"]
[Round "7.8"]
[White "Postny, Evgeny"]
[Black "Houska, Jovanka"]
[Result "1-0"]
[WhiteTitle "GM"]
[BlackTitle "IM"]
[WhiteElo "2620"]
[BlackElo "2397"]
[WhiteFideId "2804344"]
[BlackFideId "405094"]
[EventDate "2016.12.27"]

1. c4 e6 2. Nf3 d5 3. d4 Nf6 4. Nc3 Nbd7 5. Bf4 dxc4 6. e3 a6 7. a4 Bd6 8. Bg3
Bxg3 9. hxg3 c5 10. Bxc4 cxd4 11. exd4 Nb6 12. Bd3 Nbd5 13. Ne5 Nb4 14. Rc1 b6
15. Ne4 Bb7 16. Ng5 Qd5 17. f3 Rd8 18. Ngxf7 Qxd4 19. Bb5+ axb5 20. Qxd4 Rxd4
21. Nxh8 bxa4 22. Rc7 Ba6 23. Rh4 Rd5 24. Nhf7 Rc5 25. Ra7 Rc1+ 26. Kd2 Rc2+ 27.
Kd1 Be2+ 28. Ke1 Nd3+ 29. Nxd3 Bxd3 30. Rd4 1-0

[Event "46th Rilton Cup 2016-17"]
[Site "Stockholm SWE"]
[Date "2017.01.03"]
[Round "7.9"]
[White "Salomon, Johan"]
[Black "Urkedal, Frode"]
[Result "0-1"]
[WhiteTitle "IM"]
[BlackTitle "GM"]
[WhiteElo "2470"]
[BlackElo "2557"]
[WhiteFideId "1509500"]
[BlackFideId "1506102"]
[EventDate "2016.12.27"]

1. d4 Nf6 2. c4 e6 3. Nc3 Bb4 4. e3 b6 5. Ne2 c5 6. a3 Ba5 7. g3 Bb7 8. d5 Ne4
9. Bg2 Nxc3 10. bxc3 Qf6 11. O-O O-O 12. e4 d6 13. g4 Nd7 14. g5 Qe7 15. f4 Rae8
16. Qd3 exd5 17. cxd5 c4 18. Qd1 Nc5 19. Ng3 Bxc3 20. Ra2 g6 21. f5 Qe5 22. Kh1
Nd3 23. Be3 Bxd5 24. Bg1 Bc6 25. Qg4 Ne1 26. f6 h6 27. gxh6 Kh7 28. h4 Rg8 29.
Bh2 Qe6 30. Qxe6 Rxe6 31. Ne2 Nxg2 32. Nxc3 Nxh4 33. Kg1 g5 34. Rd2 g4 35. Rxd6
g3 36. Rxe6 fxe6 37. f7 gxh2+ 38. Kxh2 Rf8 39. Rf6 Ng6 40. Rxe6 Bd7 41. Rf6 Kxh6
42. e5 Kg7 43. Rd6 Nxe5 44. Rd5 Ng4+ 0-1

[Event "46th Rilton Cup 2016-17"]
[Site "Stockholm SWE"]
[Date "2017.01.03"]
[Round "7.10"]
[White "Ivanov, Sergey"]
[Black "Cruz Lledo, Pablo"]
[Result "1-0"]
[WhiteTitle "GM"]
[BlackTitle "FM"]
[WhiteElo "2545"]
[BlackElo "2415"]
[WhiteFideId "4101375"]
[BlackFideId "2297361"]
[EventDate "2016.12.27"]

1. d4 d5 2. c4 c6 3. Nf3 Nf6 4. Nc3 a6 5. a4 Bf5 6. Qb3 Ra7 7. a5 e6 8. Qb6 Qxb6
9. axb6 Ra8 10. c5 Nbd7 11. Bf4 Be7 12. e3 Nh5 13. Bc7 Bd8 14. Bxd8 Rxd8 15. Be2
Nhf6 16. Nd2 e5 17. Nb3 O-O 18. Na5 exd4 19. exd4 Rb8 20. f3 Rfc8 21. g4 Be6 22.
Kf2 Nf8 23. b4 h5 24. g5 N6h7 25. h4 Ng6 26. Nxb7 Rxb7 27. Bxa6 Rbb8 28. Bxc8
Bxc8 29. b5 cxb5 30. Nxb5 Nhf8 31. Nd6 Ne7 32. Ra7 Bd7 33. Rha1 Nc6 34. Ra8 1-0

[Event "46th Rilton Cup 2016-17"]
[Site "Stockholm SWE"]
[Date "2017.01.03"]
[Round "7.11"]
[White "Sarkar, Justin"]
[Black "Shyam, Sundar M."]
[Result "0-1"]
[WhiteTitle "IM"]
[BlackTitle "GM"]
[WhiteElo "2415"]
[BlackElo "2532"]
[WhiteFideId "2010011"]
[BlackFideId "5019141"]
[EventDate "2016.12.27"]

1. d4 Nf6 2. c4 e6 3. Nf3 d5 4. Nc3 Bb4 5. Qa4+ Nc6 6. e3 O-O 7. Bd2 a5 8. a3
Bxc3 9. Bxc3 Ne7 10. Bd3 b6 11. O-O Ba6 12. Rfd1 c6 13. Qb3 Ng6 14. Rac1 Ne4 15.
Be1 Rc8 16. Bxe4 dxe4 17. Nd2 f5 18. c5 Be2 19. cxb6 Rb8 20. Nf1 Bxd1 21. Qxe6+
Kh8 22. Rxd1 Qxb6 23. Bc3 Rf6 24. Qc4 Rd6 25. Ng3 Rd5 26. Rf1 Qb5 27. Qa2 Qd3
28. Qa1 Re8 29. Qc1 Qb5 30. Qc2 Rd7 31. f3 f4 32. Nxe4 fxe3 33. Re1 Nf4 34. Rxe3
Nd5 35. Re1 Rde7 36. a4 Qc4 37. b3 Qxc3 38. Nxc3 Rxe1+ 39. Kf2 Rf1+ 40. Kg3 Ne3
41. Qd3 Rg1 42. h4 Rxg2+ 43. Kh3 Rf2 44. Kg3 Rd2 45. Qa6 Rf8 46. Ne2 Nf5+ 47.
Kh3 Ne7 48. Ng3 Nd5 49. h5 Rxd4 50. h6 gxh6 51. Qxa5 Rg8 52. Qe1 Nf4+ 53. Kh2
Rd5 54. Qc3+ Rg7 55. Qf6 Nh5 56. Qf8+ Rg8 57. Qxh6 Rxg3 58. Qxc6 Rd2+ 59. Kh1
Rd1+ 60. Kh2 Rd2+ 61. Kh1 Rd8 62. a5 Rg6 63. Qc7 Rdg8 64. Qh2 Rh6 0-1

[Event "46th Rilton Cup 2016-17"]
[Site "Stockholm SWE"]
[Date "2017.01.03"]
[Round "7.12"]
[White "Akesson, Ralf"]
[Black "Hillarp Persson, Tiger"]
[Result "1/2-1/2"]
[WhiteTitle "GM"]
[BlackTitle "GM"]
[WhiteElo "2417"]
[BlackElo "2511"]
[WhiteFideId "1700120"]
[BlackFideId "1700812"]
[EventDate "2016.12.27"]

1. d4 Nf6 2. c4 e6 3. Nf3 c5 4. d5 d6 5. Nc3 exd5 6. cxd5 g6 7. Bf4 a6 8. a4 Bg7
9. h3 O-O 10. e3 Re8 11. Nd2 Nbd7 12. Be2 Ne5 13. O-O Nfd7 14. Bh2 f5 15. Qc2 b6
16. Rae1 Nf6 17. f4 Nf7 18. Bc4 Bd7 19. b3 Qb8 20. e4 fxe4 21. Ncxe4 Nxe4 22.
Nxe4 b5 23. axb5 axb5 24. Bd3 Qb7 25. Nf2 Rxe1 26. Rxe1 Qxd5 27. Be4 Re8 28. Rd1
Qe6 29. Bg3 Bd4 30. Bf3 Nh6 31. Kh2 Nf5 32. Ng4 Nxg3 33. Kxg3 Rf8 34. Qb1 Qe7
35. Re1 Qg7 36. Bd5+ Kh8 37. Qe4 h5 38. Qe7 Bxg4 39. hxg4 Qxe7 40. Rxe7 h4+ 41.
Kf3 Bf6 42. Rb7 Bg5 43. Rf7 1/2-1/2

[Event "46th Rilton Cup 2016-17"]
[Site "Stockholm SWE"]
[Date "2017.01.03"]
[Round "7.13"]
[White "Pavlovic, Milos"]
[Black "Sankalp, Gupta"]
[Result "1-0"]
[WhiteTitle "GM"]
[WhiteElo "2500"]
[BlackElo "2093"]
[WhiteFideId "900389"]
[BlackFideId "5097010"]
[EventDate "2016.12.27"]

1. d4 Nf6 2. Nf3 g6 3. c4 Bg7 4. e3 O-O 5. Be2 c6 6. O-O d5 7. b3 Ne4 8. Bb2 Bg4
9. Ne5 Bxe2 10. Qxe2 Nd7 11. Nd3 Re8 12. cxd5 cxd5 13. f3 Nd6 14. Nc3 e6 15.
Rac1 Rc8 16. Na4 b6 17. Nc3 h5 18. a4 Qg5 19. Nb5 Nxb5 20. axb5 Bh6 21. Rce1 Qe7
22. e4 Nf6 23. e5 Nd7 24. Ra1 Rc7 25. Ba3 Qh4 26. f4 Rec8 27. Ra2 Rc3 28. Bb4
Rxb3 29. Qd1 Rxb4 30. Nxb4 Bxf4 31. g3 Be3+ 32. Kg2 Qe4+ 33. Qf3 Rc4 34. Qxe4
dxe4 35. Nc6 Nf8 36. Re1 Bh6 37. Rxe4 Nh7 38. Ree2 Rc3 39. Rxa7 Ng5 40. h4 1-0

[Event "46th Rilton Cup 2016-17"]
[Site "Stockholm SWE"]
[Date "2017.01.03"]
[Round "7.14"]
[White "Kravtsiv, Martyn"]
[Black "Mihajlov, Sebastian"]
[Result "1/2-1/2"]
[WhiteTitle "GM"]
[BlackTitle "FM"]
[WhiteElo "2645"]
[BlackElo "2384"]
[WhiteFideId "14113147"]
[BlackFideId "1512110"]
[EventDate "2016.12.27"]

1. e4 e5 2. Nf3 Nc6 3. Bc4 Bc5 4. c3 Nf6 5. d3 O-O 6. O-O d6 7. Bg5 h6 8. Bh4
Be6 9. Nbd2 a6 10. a4 Qe7 11. a5 Ba7 12. Qb3 Rab8 13. Kh1 Kh8 14. Qa4 Bxc4 15.
Nxc4 Qe6 16. b4 Nxe4 17. Qb3 Nf6 18. b5 axb5 19. Qxb5 Qd5 20. Na3 g5 21. Bg3 Qc5
22. d4 exd4 23. cxd4 Qxb5 24. Nxb5 Nd5 1/2-1/2

[Event "46th Rilton Cup 2016-17"]
[Site "Stockholm SWE"]
[Date "2017.01.03"]
[Round "7.15"]
[White "Tikkanen, Hans"]
[Black "Nihal, Sarin"]
[Result "1-0"]
[WhiteTitle "GM"]
[BlackTitle "FM"]
[WhiteElo "2531"]
[BlackElo "2340"]
[WhiteFideId "1706446"]
[BlackFideId "25092340"]
[EventDate "2016.12.27"]

1. e4 c5 2. Nf3 d6 3. d4 Nf6 4. Nc3 cxd4 5. Nxd4 a6 6. h3 e5 7. Nde2 h5 8. Bg5
Be6 9. Bxf6 Qxf6 10. Nd5 Qd8 11. Nec3 Nd7 12. Bc4 Rc8 13. Bb3 g6 14. O-O Bh6 15.
Ba4 b5 16. Bb3 O-O 17. a4 Nc5 18. axb5 axb5 19. Ra7 Bg5 20. Nxb5 Nxe4 21. Ra6
Nd2 22. Rxd6 Qa5 23. Re1 Nxb3 24. Rxe5 Rxc2 25. Qxc2 Qa1+ 26. Kh2 Nd2 27. Ne7+
Kg7 28. Rxd2 Bf4+ 29. g3 Bxe5 30. Re2 Qf1 31. Rxe5 Bxh3 32. f4 h4 33. Rg5 hxg3+
34. Kxg3 Qg1+ 35. Kf3 Qh1+ 36. Ke3 Re8 37. Rxg6+ Kf8 38. Rg8+ Kxe7 39. Qc7+ Kf6+
40. Rxe8 Qe1+ 41. Kd4 Qxe8 42. Qd6+ Kf5 43. Kc5 Qe3+ 44. Nd4+ Kg4 45. Qd7+ Kg3
46. f5 Qc1+ 47. Kd6 Qxb2 48. Ke7 Bxf5 49. Nxf5+ Kf4 50. Nd4 Qb4+ 51. Kxf7 Qc4+
52. Kf6 Ke4 53. Nf5 Qd5 54. Qe7+ Kd3 55. Qa3+ Kd2 56. Qe3+ Kc2 57. Nd4+ Kb1 58.
Qd3+ Kb2 59. Qd2+ Kb1 60. Qb4+ Ka2 61. Qa4+ Kb2 62. Qb4+ Ka2 63. Qa4+ Kb2 64.
Qc2+ Ka1 65. Qc3+ Kb1 66. Nf3 Ka2 67. Nd4 Kb1 68. Nc6 Qd6+ 69. Kf5 Qd7+ 70. Kf4
Qf7+ 71. Ke3 Qe6+ 72. Kf4 Qf7+ 73. Kg5 Qg8+ 74. Kf4 Qf7+ 75. Ke3 Qe6+ 76. Ne5
Qh3+ 77. Nf3 Qh6+ 78. Ke2 Qe6+ 79. Kd1 Ka2 80. Qc2+ Ka1 81. Qa4+ Kb2 82. Qd4+
Ka3 83. Nd2 Qc8 84. Nc4+ Kb3 85. Qb2+ 1-0